| 000 | 00368nam a2200157Ia 4500 | ||
|---|---|---|---|
| 005 | 20250320223337.0 | ||
| 008 | 240331s9999 xx 000 0 und d | ||
| 020 | _a9789380240008 | ||
| 082 |
_bPAL _a894 |
||
| 100 | _aPalanisamy,kv | ||
| 245 | 0 | _aAatirai | |
| 260 |
_aNagercoil _bKalachuvadu Pathippagam _c2010 |
||
| 300 | _a184 p ., | ||
| 500 | _aA Novel | ||
| 942 | _cL | ||
| 999 |
_c5653 _d5653 |
||